<?xml version="1.0" encoding="UTF-8"?>
<record
    xmlns:xsi="http://www.w3.org/2001/XMLSchema-instance"
    xsi:schemaLocation="http://www.loc.gov/MARC21/slim http://www.loc.gov/standards/marcxml/schema/MARC21slim.xsd"
    xmlns="http://www.loc.gov/MARC21/slim">

  <leader>00808nam a2200217 i 4500</leader>
  <controlfield tag="001">81820</controlfield>
  <controlfield tag="003">ES-MaACL</controlfield>
  <controlfield tag="005">20250407063106.0</controlfield>
  <controlfield tag="007">t|</controlfield>
  <controlfield tag="008">041108s1913    fr       m   ||||1| fre d</controlfield>
  <datafield tag="080" ind1=" " ind2=" ">
    <subfield code="a">325(675)</subfield>
  </datafield>
  <datafield tag="100" ind1="1" ind2=" ">
    <subfield code="a">Ib&#xE1;&#xF1;ez de Ibero, Carlos, </subfield>
    <subfield code="c">Marqu&#xE9;s de Mulhac&#xE9;n, </subfield>
    <subfield code="d">1888-1966</subfield>
    <subfield code="9">151481</subfield>
  </datafield>
  <datafield tag="245" ind1="1" ind2="3">
    <subfield code="a">La mise en valeur du Congo Belgue </subfield>
    <subfield code="b">: (etude de Geographie coloniale) / </subfield>
    <subfield code="c">Carlos Ib&#xE1;&#xF1;ez de Ibero.</subfield>
  </datafield>
  <datafield tag="260" ind1=" " ind2=" ">
    <subfield code="a">[Paris : </subfield>
    <subfield code="b">s.n., </subfield>
    <subfield code="c">1913] (</subfield>
    <subfield code="e">Pithiviers : </subfield>
    <subfield code="f">Domang&#xE9; et Cie.)</subfield>
  </datafield>
  <datafield tag="300" ind1=" " ind2=" ">
    <subfield code="a">XII, 248 p. ; </subfield>
    <subfield code="c">22 cm.</subfield>
  </datafield>
  <datafield tag="651" ind1=" " ind2="4">
    <subfield code="a">Congo (Rep&#xFA;blica Democr&#xE1;tica)-</subfield>
    <subfield code="x">Colonizaci&#xF3;n.</subfield>
    <subfield code="9">155231</subfield>
  </datafield>
  <datafield tag="651" ind1=" " ind2="4">
    <subfield code="a">Congo (Rep&#xFA;blica Democr&#xE1;tica)-</subfield>
    <subfield code="x">Descripci&#xF3;n.</subfield>
    <subfield code="9">155242</subfield>
  </datafield>
  <datafield tag="651" ind1=" " ind2="4">
    <subfield code="a">B&#xE9;lgica-</subfield>
    <subfield code="x">Colonias-</subfield>
    <subfield code="z">&#xC1;frica.</subfield>
    <subfield code="9">147628</subfield>
  </datafield>
  <datafield tag="852" ind1=" " ind2=" ">
    <subfield code="a">ES-MaACL</subfield>
    <subfield code="j">C-1493</subfield>
  </datafield>
  <datafield tag="999" ind1=" " ind2=" ">
    <subfield code="c">81820</subfield>
    <subfield code="d">81820</subfield>
  </datafield>
  <datafield tag="952" ind1=" " ind2=" ">
    <subfield code="0">0</subfield>
    <subfield code="1">0</subfield>
    <subfield code="4">0</subfield>
    <subfield code="7">0</subfield>
    <subfield code="a">ATENEOM</subfield>
    <subfield code="b">ATENEOM</subfield>
    <subfield code="c">FICH</subfield>
    <subfield code="d">2008-01-17</subfield>
    <subfield code="e">SC</subfield>
    <subfield code="l">0</subfield>
    <subfield code="o">C-1493</subfield>
    <subfield code="p">1085519</subfield>
    <subfield code="r">2023-02-23 00:00:00</subfield>
    <subfield code="w">2023-02-23</subfield>
    <subfield code="y">MONOGRAFIA</subfield>
  </datafield>
</record>
